Dettagli MARC
| 000 -LEADER |
| fixed length control field |
04930njm a2200649Ia 4500 |
| 001 - CONTROL NUMBER |
| control field |
C6534 |
| 003 - CONTROL NUMBER IDENTIFIER |
| control field |
IT-RoPAU |
| 005 - DATE AND TIME OF LATEST TRANSACTION |
| control field |
20220918181115.0 |
| 008 - FIXED-LENGTH DATA ELEMENTS--GENERAL INFORMATION |
| fixed length control field |
131025s9999 xx 000 0 und d |
| 040 ## - CATALOGING SOURCE |
| Original cataloging agency |
IT-RoPAU |
| 040 ## - CATALOGING SOURCE |
| Transcribing agency |
IT-RoPAU |
| 999 ## - SYSTEM CONTROL NUMBERS (KOHA) |
| Koha Dewey Subclass [OBSOLETE] |
n.d. |
| 100 ## - MAIN ENTRY--PERSONAL NAME |
| Personal name |
AA.VV. |
| 9 (RLIN) |
794 |
| 100 ## - MAIN ENTRY--PERSONAL NAME |
| Relator term |
Autore musica |
| 9 (RLIN) |
30197 |
| 100 ## - MAIN ENTRY--PERSONAL NAME |
| Miscellaneous information |
Codice autore musica SPICS: 12000 |
| 9 (RLIN) |
796 |
| 245 ## - TITLE STATEMENT |
| Title |
Ecm Story |
| 250 ## - EDITION STATEMENT |
| Edition statement |
2a ed. |
| 260 ## - PUBLICATION, DISTRIBUTION, ETC. (IMPRINT) |
| Place of publication, distribution, etc. |
MILANO |
| 260 ## - PUBLICATION, DISTRIBUTION, ETC. (IMPRINT) |
| Name of publisher, distributor, etc. |
RUSCONI |
| Date of publication, distribution, etc. |
1994 [1a Ed.:0] |
| 300 ## - PHYSICAL DESCRIPTION |
| Extent |
COMPACT DISC |
| 300 ## - PHYSICAL DESCRIPTION |
| Dimensions |
75 minuti (Testo: 0 pag.) |
| 500 ## - GENERAL NOTE |
| General note |
Musica jazz. Compact fuori commercio allegato al n. 10 1994 della rivista "Musica jazz". |
| 505 ## - FORMATTED CONTENTS NOTE |
| Formatted contents note |
Started [(Oslo, 11 settembre 1972) (Bley Paul) (6:00)] - Fountain of Tears, Parts 1 & 2 [(Oslo, 14 o 15 aprile 1971) (Garbarek Jan) (7:00)] - Ballad For Tillie [(Ludwigsburg, 11,12 o 13 gennaio 1971) (Corea Chick) (6:00)] - Mevlevia [(Ludwigsburg, 23 o 24 luglio 1974) (Burton Gary) (7:00)] - Encore "A" [(Theater Am Kornmarkt, maggio 1976) (Burton Gary) (6:00)] - 3/4 In the Afternoon [(Oslo, luglio 1977) (Wheeler Kenny) (6:00)] - Old Time Southside Street Dance [(New York, gennaio 1980) (The Art Ensemble of Chicago) (6:00)] - Walking On Eggs [(Ludwigsburg, maggio 1980) (Codona) (3:00)] - Ahmad the Terrible [(New York, giugno 1984) (Dejohnette Jack) (7:00)] - Conception Vessel [(Ludwigsburg, luglio 1984) (Motian Paul) (5:00)] - Wights Waits For Weights [(Ludwigsburg, febbraio 1987) (Holland Dave) (6:00)] - Haunted Heart [(Boston, 21 aprile 1988) (Abercrombie John) (6:00)] - Hop! [(Oslo, settembre 1993) (Sclavis-Pifarely Acoustic Quartet) (6:00)] - Rame Head [(Oslo, aprile 1990) (Surman John) (5:00)] |
| 511 ## - PARTICIPANT OR PERFORMER NOTE |
| Participant or performer note |
Bley Paul: p |
| 511 ## - PARTICIPANT OR PERFORMER NOTE |
| Participant or performer note |
Garbarek Jan: fl, ten; Stenson Bobo: p, p el; Rypdal Terje: chit; Andersen Arild: cb; Christensen Jon: perc |
| 511 ## - PARTICIPANT OR PERFORMER NOTE |
| Participant or performer note |
Corea Chick: p; Holland Dave: cb; Altschul Barry: perc |
| 511 ## - PARTICIPANT OR PERFORMER NOTE |
| Participant or performer note |
Burton Gary: vib; Goodrick Mick: chit; Metheny Pat: chit; Swallow Steve: b, el; Weber Eberhard: cb; Moses Bob: perc |
| 511 ## - PARTICIPANT OR PERFORMER NOTE |
| Participant or performer note |
Redman Dewey: ten; Jarrett Keith: p; Haden Charlie: cb; Motian Paul: batt |
| 511 ## - PARTICIPANT OR PERFORMER NOTE |
| Participant or performer note |
Wheeler Kenny: flic; Garbarek Jan: sop; Abercrombie John: chit; Towner Ralph: chit; Holland Dave: cb; Dejohnette Jack: batt |
| 511 ## - PARTICIPANT OR PERFORMER NOTE |
| Participant or performer note |
Bowie Lester: tr;. Mitchell Roscoe: alto; Jarman Joseph: sopranino, sop; Favors Malachi: cb; Moye Don: perc |
| 511 ## - PARTICIPANT OR PERFORMER NOTE |
| Participant or performer note |
Cherry Don: tr; Walcott Collin; Sitarvasconcelos Nana: talking drum |
| 511 ## - PARTICIPANT OR PERFORMER NOTE |
| Participant or performer note |
Purcell John: sop; Murray David: ten; Dejohnette Jack: p, batt; Johnson Howard: tuba; Reid Rufus: cb; Jack Dejohnette's Special Edition |
| 511 ## - PARTICIPANT OR PERFORMER NOTE |
| Participant or performer note |
Lovano Joe: ten; Frisell Bill: chit; Motian Paul: batt; Paul Motian Trio |
| 511 ## - PARTICIPANT OR PERFORMER NOTE |
| Participant or performer note |
Wheeler Kenny: tr; Eubanks Robin: trne; Coleman Steve: alto; Holland Dave: cb; Smith Marvin: batt |
| 511 ## - PARTICIPANT OR PERFORMER NOTE |
| Participant or performer note |
Abercrombie John: chit; Johnson Marc: cb; Erskine Peter: batt |
| 511 ## - PARTICIPANT OR PERFORMER NOTE |
| Participant or performer note |
Sclavis Louis: cl, b; Pifarely Dominique: viol; Ducret Marc: chit; Chevillon Bruno: cb; Sclavis-Pifarely Acoustic Quartet |
| 511 ## - PARTICIPANT OR PERFORMER NOTE |
| Participant or performer note |
Surman John: cop, bar, cl, b |
| 650 ## - SUBJECT ADDED ENTRY--TOPICAL TERM |
| Topical term or geographic name as entry element |
JAZZ [COMPACT DISC] |
| Relator term |
Codice MATERIA SPICS: 9949 |
| 9 (RLIN) |
11822 |
| 700 ## - ADDED ENTRY--PERSONAL NAME |
| Personal name |
Bley Paul |
| Dates associated with a name |
Codice autore musica SPICS: 16208 |
| Relator term |
Autore musica |
| Name of part/section of a work |
Started |
| 9 (RLIN) |
30198 |
| 700 ## - ADDED ENTRY--PERSONAL NAME |
| Personal name |
Garbarek Jan |
| Dates associated with a name |
Codice autore musica SPICS: 42314 |
| Relator term |
Autore musica |
| Name of part/section of a work |
Fountain of Tears, Parts 1 & 2 |
| 9 (RLIN) |
30199 |
| 700 ## - ADDED ENTRY--PERSONAL NAME |
| Personal name |
Corea Chick |
| Dates associated with a name |
Codice autore musica SPICS: 11602 |
| Relator term |
Autore musica |
| Name of part/section of a work |
Ballad For Tillie |
| 9 (RLIN) |
30200 |
| 700 ## - ADDED ENTRY--PERSONAL NAME |
| Personal name |
Holland |
| Dates associated with a name |
Codice autore SPICS: 27019 |
| Relator term |
Autore |
| Name of part/section of a work |
Ballad For Tillie |
| 9 (RLIN) |
30201 |
| 700 ## - ADDED ENTRY--PERSONAL NAME |
| Personal name |
Altschul |
| Dates associated with a name |
Codice autore testo/musica SPICS: 42315 |
| Relator term |
Autore testo/musica |
| Name of part/section of a work |
Ballad For Tillie |
| 9 (RLIN) |
30202 |
| 700 ## - ADDED ENTRY--PERSONAL NAME |
| Personal name |
Goodrick Mick |
| Dates associated with a name |
Codice autore musica SPICS: 42291 |
| Relator term |
Autore musica |
| Name of part/section of a work |
Mevlevia |
| 9 (RLIN) |
30203 |
| 700 ## - ADDED ENTRY--PERSONAL NAME |
| Personal name |
Jarrett Keith |
| Dates associated with a name |
Codice autore musica SPICS: 11614 |
| Relator term |
Autore musica |
| Name of part/section of a work |
Encore "A" |
| 9 (RLIN) |
30204 |
| 700 ## - ADDED ENTRY--PERSONAL NAME |
| Personal name |
Wheeler Kenny |
| Dates associated with a name |
Codice autore musica SPICS: 42317 |
| Relator term |
Autore musica |
| Name of part/section of a work |
3/4 In the Afternoon |
| 9 (RLIN) |
30205 |
| 700 ## - ADDED ENTRY--PERSONAL NAME |
| Personal name |
Jarman Joseph |
| Dates associated with a name |
Codice autore musica SPICS: 30978 |
| Relator term |
Autore musica |
| Name of part/section of a work |
Old Time Southside Street Dance |
| 9 (RLIN) |
30206 |
| 700 ## - ADDED ENTRY--PERSONAL NAME |
| Personal name |
Walcott Collin |
| Dates associated with a name |
Codice autore musica SPICS: 42318 |
| Relator term |
Autore musica |
| Name of part/section of a work |
Walking On Eggs |
| 9 (RLIN) |
30207 |
| 700 ## - ADDED ENTRY--PERSONAL NAME |
| Personal name |
Dejohnette Jack |
| Dates associated with a name |
Codice autore musica SPICS: 42319 |
| Relator term |
Autore musica |
| Name of part/section of a work |
Ahmad the Terrible |
| 9 (RLIN) |
30208 |
| 700 ## - ADDED ENTRY--PERSONAL NAME |
| Personal name |
Motian Paul |
| Dates associated with a name |
Codice autore musica SPICS: 42320 |
| Relator term |
Autore musica |
| Name of part/section of a work |
Conception Vessel |
| 9 (RLIN) |
30209 |
| 700 ## - ADDED ENTRY--PERSONAL NAME |
| Personal name |
Coleman |
| Dates associated with a name |
Codice autore musica SPICS: 24593 |
| Relator term |
Autore musica |
| Name of part/section of a work |
Wights Waits For Weights |
| 9 (RLIN) |
30210 |
| 700 ## - ADDED ENTRY--PERSONAL NAME |
| Personal name |
Dietz H. |
| Dates associated with a name |
Codice autore musica SPICS: 15554 |
| Relator term |
Autore musica |
| Name of part/section of a work |
Haunted Heart |
| 9 (RLIN) |
30211 |
| 700 ## - ADDED ENTRY--PERSONAL NAME |
| Personal name |
Schwartz A. |
| Dates associated with a name |
Codice autore SPICS: 15555 |
| Relator term |
Autore |
| Name of part/section of a work |
Haunted Heart |
| 9 (RLIN) |
30212 |
| 700 ## - ADDED ENTRY--PERSONAL NAME |
| Personal name |
Pifarely Dominique |
| Dates associated with a name |
Codice autore musica SPICS: 42323 |
| Relator term |
Autore musica |
| Name of part/section of a work |
Hop! |
| 9 (RLIN) |
30213 |
| 700 ## - ADDED ENTRY--PERSONAL NAME |
| Personal name |
Surman John |
| Dates associated with a name |
Codice autore musica SPICS: 42324 |
| Relator term |
Autore musica |
| Name of part/section of a work |
Rame Head |
| 9 (RLIN) |
30214 |
| 942 ## - ADDED ENTRY ELEMENTS (KOHA) |
| Koha item type |
CD AUDIO |
| Source of classification or shelving scheme |
Dewey Decimal Classification |